| 000 | 01468nam a2200373 i 4500 | ||
|---|---|---|---|
| 001 | 8208 | ||
| 003 | KOSZ 005 | ||
| 005 | 20240405062957.0 | ||
| 008 | 080212s1967 pl ab g 000 0 pol | ||
| 015 | _aPB 1967/6666 | ||
| 040 |
_aWA N _cWA N _dKOSZ 005/RW _dKOSZ 005/HR |
||
| 045 | 2 |
_bd1945 _bd1965 |
|
| 046 | _k1967 | ||
| 080 | _a311(438) | ||
| 245 | 0 | 0 |
_aPrzekroje terenowe : _b1945-1965 / _cred. Teresa Brzóska [et al.] ; [oprac. kierował H. Białczyński przy udziale M. Klimczyka oraz I. Kokotkiewicz]. |
| 260 |
_aWarszawa : _bGłówny Urząd Statystyczny. Zarząd Wydawnictw, _c1967. |
||
| 300 |
_aXXIV, 1202, [2] s., [9] k. tabl. : _bil., mapy ; _c25 cm. |
||
| 380 | _aKsiążki | ||
| 388 | _a1901-2000 | ||
| 388 | _a1945-1989 | ||
| 490 | 1 |
_aStatystyka Regionalna / Główny Urząd Statystyczny Polskiej Rzeczypospolitej Ludowej ; _vnr 7. |
|
| 648 | 4 | _a1901-2000 | |
| 648 | 4 | _a1945-1989 | |
| 651 | 4 | _aPolska | |
| 655 | 4 | _aDane statystyczne | |
| 658 | _aSocjologia i społeczeństwo | ||
| 700 | 1 |
_aBrzóska, Teresa _eRedakcja |
|
| 700 | 1 |
_aKlimczyk, Marian _eOpracowanie |
|
| 700 | 1 |
_aKokotkiewicz, Irena _eOpracowanie |
|
| 710 | 2 |
_aGłówny Urząd Statystyczny (GUS) _4pbl. |
|
| 830 | 0 |
_aStatystyka Regionalna - Główny Urząd Statystyczny _vnr 7 |
|
| 856 |
_uhttp://koha.tu.koszalin.pl/cgi-bin/koha/opac-detail.pl?biblionumber=8208 _yKatalog online BPK |
||
| 942 |
_2UKD _cKS |
||
| 999 |
_c8208 _d8208 |
||